From Decoding Turbulence to Unveiling the Fingerprint of Climate Change : Klaus Hasselmann--Nobel Prize Winner in Physics 2021.

Bibliographic Details
Main Author: von Storch, Hans.
Format: eBook
Language:English
Published: Cham : Springer International Publishing AG, 2022.
Edition:1st ed.
Subjects:
Online Access:Click to View
LEADER 04047nam a22003853i 4500
001 EBC6978263
003 MiAaPQ
005 20231204023224.0
006 m o d |
007 cr cnu||||||||
008 231204s2022 xx o ||||0 eng d
020 |a 9783030917166  |q (electronic bk.) 
020 |z 9783030917159 
035 |a (MiAaPQ)EBC6978263 
035 |a (Au-PeEL)EBL6978263 
035 |a (OCoLC)1323252390 
040 |a MiAaPQ  |b eng  |e rda  |e pn  |c MiAaPQ  |d MiAaPQ 
050 4 |a QC851-999 
100 1 |a von Storch, Hans. 
245 1 0 |a From Decoding Turbulence to Unveiling the Fingerprint of Climate Change :  |b Klaus Hasselmann--Nobel Prize Winner in Physics 2021. 
250 |a 1st ed. 
264 1 |a Cham :  |b Springer International Publishing AG,  |c 2022. 
264 4 |c ©2022. 
300 |a 1 online resource (324 pages) 
336 |a text  |b txt  |2 rdacontent 
337 |a computer  |b c  |2 rdamedia 
338 |a online resource  |b cr  |2 rdacarrier 
505 0 |a Intro -- Preface -- Contents -- List of Facsimiles -- 1 Klaus Hasselmann-His Scientific Footprints and Achievements -- 1.1 Overview -- 1.2 The Naturwissenschaftler -- 1.3 The Enabler -- 1.4 The Public Figure -- 1.5 In 1997, A Visitor Told His Perceptions When Visiting the MPI -- 2 Klaus Hasselmann-His Own Account -- 2.1 The 2006 Interview -- 2.2 Supplement 26 June 2021 -- 2.3 Conversation in 2021 About Climate Science Becoming a Political Actor -- 3 The Strands of Klaus Hasselmann's Science -- 3.1 Ocean Wave Theory and Prediction: From Basic Physics to an Integrated Wind and Wave Data Assimilation System -- 3.2 Remote Sensing -- 3.3 Stochastic Climate Model -- 3.4 Reducing the Phase Space: Signal-to-Noise Analysis and Detection and Attribution -- 3.5 Climate and Society -- 3.6 Strategy in Climate Modelling at MPI -- 3.7 Metrons-Particle Physics -- 4 Personal Accounts by Colleagues and Co-workers -- 4.1 Susanne Hasselmann: Klaus-Scientist, Husband, Father, Grandfather, Great-Grandfather -- 4.2 Dirk Olbers: How to Cook an Ostrich Egg -- 4.3 Peter Müller -- 4.4 Jürgen-Willebrand: Kiel-Hamburg Oscillations -- 4.5 Peter Lemke: A Stochastic Decision? -- 4.6 Martin Heimann -- 4.7 Christoph Heinze -- 4.8 Mojib Latif -- 4.9 Hans Graf -- 4.10 Gabriele Hegerl: Der Alte -- 4.11 Jin-Song von Storch -- 4.12 Hans Von Storch -- 4.13 Patrick Heimbach: Interactions with Klaus' Sphere of Influence -- 4.14 Jörg Wolff: The Shortbread Biscuit -- 4.15 Ben Santer: A Road Trip with Klaus -- 4.16 Ulrich Cubasch: How a Postdoc Became an IPCC Convening Lead Author -- 4.17 Achim Stössel: From Seaman to Professor Thanks to Klaus Hasselmann -- 4.18 Robert Sausen: Interactions with Klaus Hasselmann -- 4.19 Dmitry V. Kovalevsky -- 4.20 Carola Kauhs: A Non-Scientific View on Professor Klaus Hasselmann from the Institute's Librarian -- 4.21 Gerbrand Komen. 
505 8 |a 4.22 Luigi Cavaleri: Writing the WAM Book -- 4.23 Kristina Katsaros -- 4.24 Peter A.E.M. Janssen: Klaus F. Hasselmann-A Giant in Ocean Science -- 4.25 Ola M. Johannessen -- 4.26 Lennart Bengtsson -- 4.27 Jürgen Sündermann: Klaus Hasselmann-Colleague and Friend -- 4.28 Klaus Fraedrich: The 1976 Paper on Stochastic Climate Models -- 4.29 Udo Simonis: Klaus, the PIK and Me -- 4.30 Hartmut Graßl: Klaus Hasselmann as Creator of Science Infrastructure -- 5 Statistics -- 5.1 Curriculum Vita -- 5.2 Publication List, -- 5.3 Awards. 
588 |a Description based on publisher supplied metadata and other sources. 
590 |a Electronic reproduction. Ann Arbor, Michigan : ProQuest Ebook Central, 2023. Available via World Wide Web. Access may be limited to ProQuest Ebook Central affiliated libraries.  
655 4 |a Electronic books. 
776 0 8 |i Print version:  |a von Storch, Hans  |t From Decoding Turbulence to Unveiling the Fingerprint of Climate Change  |d Cham : Springer International Publishing AG,c2022  |z 9783030917159 
797 2 |a ProQuest (Firm) 
856 4 0 |u https://ebookcentral.proquest.com/lib/matrademy/detail.action?docID=6978263  |z Click to View